| 000 | 00812nam a22002537a 4500 | ||
|---|---|---|---|
| 999 |
_c491 _d491 |
||
| 003 | AR-CdUCM | ||
| 008 | 190223b ||||| |||| 00| 0 spa d | ||
| 040 |
_aMUNICIPALIDAD PROVINCIAL DEL CUSCO _cBIBLIOTECA MUNICIPAL DEL CUSCO |
||
| 041 | _heng | ||
| 082 |
_22ed. _a923.2 / _bT82 |
||
| 100 |
_aDeutscher, Isaac _91923 |
||
| 245 |
_aTrotsky : _bel profeta desterrado / |
||
| 260 |
_aMéxico, _bEds. ERA, _c1971. |
||
| 300 |
_a441 páginas ; _c20 cm. |
||
| 505 | _aEl poder y el sueño -- El anatema -- No solo de política -- Un intervalo -- La contienda decisiva... | ||
| 650 |
_aBiografía _922 |
||
| 650 |
_aComunismo _9495 |
||
| 650 |
_aLeón Trotsky _91924 |
||
| 650 |
_aRusia _9499 |
||
| 650 |
_aU.R.S.S. _91175 |
||
| 650 |
_aRevolución Rusa _91925 |
||
| 942 |
_2ddc _cLIBROS |
||
| 945 |
_admma _d2019-02-23 |
||